000 01216nam a22002777a 4500
005 20170124103215.0
010 _aA-894857
020 _c51.00
_a8123720351
035 _aA-894857
037 _bCen Lib/Ret
040 _aDPL
_bHN
082 _a
_bमुकुन्द
100 _aमुकुन्द, एम.
_9115656
245 _aमय्यषी नदी के किनारे /
_cएम. मुकुन्द;अनुवादक सुधांशु चतुर्वेदी
246 _aMayyashhee nadee ke kinare /
260 _aनई दिल्ली
_bनेशनल बुक ट्रस्ट
_c1918
270 _aए-5 ग्रीन पार्क
_bनई दिल्ली
_e110016
300 _a291पृ.
_c21सेमी(सजिल्द)
490 _aअंतभारतीय पुस्तक माला
650 _aसाहित्य--उपन्यास
_9115657
650 _aहिंदी उपन्यास
_9115658
650 _aLiterature--novel
_9115659
650 _aHindi novel
_9115660
700 _aचतुर्वेदी, सुधांशु
_942542
942 _2ddc
_cHN
_h
_mमुकुन्द
999 _c121478
_d121478